000 00778nam a2200265Ia 4500
003 OSt
005 20220924120926.0
006 a|||||r|||| 00| 0
007 ta
008 220923b |||||||| |||| 00| 0 san d
024 _a74483
037 _cTextual
040 _aARTS
_cARTS
_bsan
041 _2san
_asan
082 _aR641x1,2, M3.1
100 _aBhatta Kumarila
245 0 _aTantra varttika
_b a commentary on Sabara's Bhasya on the Purvamamsa sutras of Jaimini tr by Ganganath Jha
250 _a2nd
260 _aDelhi
_bSri Satguru India
_c1983
300 _a1728p.
_ccm.
490 _aSri Garib oriental series; 9-10
650 _aBHATT MIMAMSA
942 _hR641x1,2, M3.1
_cTEXL
_2CC
999 _c405000
_d405000